| 000 | 00433nam a2200181Ia 4500 | ||
|---|---|---|---|
| 001 | 25336 | ||
| 005 | 20260414151143.0 | ||
| 008 | 260414t2024||||xx |||||||||||||| ||spa|| | ||
| 041 | _aESP | ||
| 082 |
_a346.5 _bB24 V. 2 |
||
| 100 |
_aBarchi Velaochaga, Luciano, _eAUT |
||
| 245 | 0 |
_aLas obligaciones _b |
|
| 260 | _c2024 | ||
| 300 |
_apáginas 935-2030 : _c25 cm. |
||
| 650 | _aDER | ||
| 654 | _aCDE | ||
| 942 |
_cLIB _dJUS _fJUS _2ddc _n |
||
| 999 |
_c25336 _d25336 |
||